00854nam a2200229Ii 45000010005000000030009000050080041000140200015000550400033000700410008001030820018001111000034001292450108001632640055002713000012003263360026003383370028003643380027003929400050004199990017004699520138004868297CO-ViMGA241108s9999||||xx |||||||||||||| ||und|| a9589057454 aCO-ViMGAbspaerdacCO-ViMGA0 aspa04a615.882 S338b1 aRichard Evans Schultes95166410aEl bejuco del alma :blos médicos tradicionales de la amazonia colombiana, sus plantas y sus rituales 1aBogotá, Colombia : Banco de la República, 1994 avolumen atextbtxt2rdacontent aunmediatedbn2rdamedia avolumebnc2rdacarrier aidficha_siabuc: 8110. -- ficha_no_siabuc:8297 c46396d46396 001040708001aMEVIGERRbMEVIGERRcGENd2006-11-27o615.882 S338bpECA8493r2024-11-26 09:29:48tEj.1w2024-11-26yBKz8110 | 11341